Contingent Valuation Daten und Bayes'sche Verfahren : Ein Vorschlag Zur Verbesserung Von Umweltbewertung und Nutzentransfer.

Bibliographic Details
Main Author: Lehr, Ulrike.
Format: eBook
Language:German
Published: Frankfurt a.M. : Peter Lang GmbH, Internationaler Verlag der Wissenschaften, 2006.
Edition:1st ed.
Series:Hohenheimer Volkswirtschaftliche Schriften Series
Subjects:
Online Access:Click to View
LEADER 03596nam a22003853i 4500
001 EBC30686240
003 MiAaPQ
005 20231204023231.0
006 m o d |
007 cr cnu||||||||
008 231204s2006 xx o ||||0 ger d
020 |a 9783631754047  |q (electronic bk.) 
020 |z 9783631550809 
035 |a (MiAaPQ)EBC30686240 
035 |a (Au-PeEL)EBL30686240 
035 |a (OCoLC)1399168748 
040 |a MiAaPQ  |b eng  |e rda  |e pn  |c MiAaPQ  |d MiAaPQ 
100 1 |a Lehr, Ulrike. 
245 1 0 |a Contingent Valuation Daten und Bayes'sche Verfahren :  |b Ein Vorschlag Zur Verbesserung Von Umweltbewertung und Nutzentransfer. 
250 |a 1st ed. 
264 1 |a Frankfurt a.M. :  |b Peter Lang GmbH, Internationaler Verlag der Wissenschaften,  |c 2006. 
264 4 |c ©2006. 
300 |a 1 online resource (238 pages) 
336 |a text  |b txt  |2 rdacontent 
337 |a computer  |b c  |2 rdamedia 
338 |a online resource  |b cr  |2 rdacarrier 
490 1 |a Hohenheimer Volkswirtschaftliche Schriften Series ;  |v v.55 
505 0 |a Cover -- Vorwort -- Einleitung -- I Studien zur Umweltbewertung -- 1 Umweltbewertung und CVM -- 1.1 Einführung zur Umweltbewertung -- 1.2 Theoretische Grundlagen der CVM -- 1.3 Contingent Valuation - die Praxis -- 1.3.1 Definition des Umweltguts -- 1.3.2 Der hypothetische Markt -- 1.3.3 Die Frage nach der Zahlungsbereitschaft -- 1.3.4 Soziodemographische und psychosoziale Daten -- 1.3.5 CVM-Interview bei Umweltschäden -- 2 Das statistische Modell -- 2.1 Ökonomische Fundierung -- 2.2 Klassische parametrische Modelle -- 2.2.1 Die Parameterschätzung -- 2.2.2 Zur Modellwahl -- 2.3 Weitere Ansätze der klassischen Statistik -- 2.4 Ein alternativer Ansatz: Das Bayes'sche Modell -- 2.4.1 Bayes'sches Modell für CVM Daten -- 2.4.2 Der Gibbs-Sampler -- 2.4.3 Über Konvergenz und Konfidenz -- 2.4.4 Vorteile des Bayes'schen Ansatzes -- 2.4.5 Die Wahl der A-Priori-Verteilung -- 3 Zahlungsbereitschaftsanalyse -- 3.1 Eine Monte Carlo Simulation -- 3.1.1 Simulation einer CVM-Befragung -- 3.1.2 Klassische Modellierung -- 3.1.3 Bayes'sche Modellierung -- 3.2 Bewertung des Cottbuser Ostsees -- 3.2.1 Ein neuer See in der Lausitz -- 3.2.2 Ergebnisse der Befragung -- 3.2.3 Berechnung der Zahlungsbereitschaft -- 4 Zwischenfazit -- II Nutzentransfer -- 5 Klassischer Nutzentransfer -- 5.1 Nutzentransfer und Umweltbewertung -- 5.2 Herkömmliche Verfahren -- 5.2.1 Value Transfer -- 5.2.2 Benefit Function Transfer -- 5.3 Validitätstests für den Nutzentransfer -- 5.4 Die Grenzen klassischer Verfahren -- 6 Bayes'scher Nutzentransfer -- 6.1 Bayes'sche Verfahren als Chance für den NT -- 6.2 Anwendung auf eine simulierte Befragung -- 6.3 Bayes'scher NT für Dichotomous Choice Daten -- 6.3.1 Einfacher Bayes-Transfer -- 6.3.2 Der Power Prior -- 6.4 Bayes'scher NT für den Cottbuser Ostsee -- 6.5 Ein neuer Test für den Nutzentransfer. 
588 |a Description based on publisher supplied metadata and other sources. 
590 |a Electronic reproduction. Ann Arbor, Michigan : ProQuest Ebook Central, 2023. Available via World Wide Web. Access may be limited to ProQuest Ebook Central affiliated libraries.  
655 4 |a Electronic books. 
776 0 8 |i Print version:  |a Lehr, Ulrike  |t Contingent Valuation Daten und Bayes'sche Verfahren  |d Frankfurt a.M. : Peter Lang GmbH, Internationaler Verlag der Wissenschaften,c2006  |z 9783631550809 
797 2 |a ProQuest (Firm) 
830 0 |a Hohenheimer Volkswirtschaftliche Schriften Series 
856 4 0 |u https://ebookcentral.proquest.com/lib/matrademy/detail.action?docID=30686240  |z Click to View